[Event "La Paz Casa Argentina op"]
[Site "La Paz"]
[Date "2022.06.18"]
[Round "5"]
[White "Titichoca Daza, Daniel Henry"]
[Black "Vera Sanchez, Pavel Genaro"]
[Result "1/2-1/2"]
[WhiteElo "2183"]
[BlackElo "2142"]
[PlyCount "34"]
[EventDate "2022.06.16"]
[EventType "swiss"]
[EventRounds "7"]
[EventCountry "BOL"]
[SourceTitle "EXT 2023"]
[Source "ChessBase"]
[SourceDate "2022.10.05"]
[SourceVersion "1"]
[SourceVersionDate "2022.10.05"]
[SourceQuality "1"]

1. e4 c5 2. Nf3 Nc6 3. Bb5 g6 4. c3 Bg7 5. d4 cxd4 6. cxd4 a6 7. Bxc6 bxc6 8. 0-0 d6 9. h3 Nf6 10. Nc3 0-0 11. Be3 Qa5 12. Qd2 Qh5 13. e5 Nd7 14. Ne4 Qf5 15. Nfg5 Nb6 16. exd6 Qd7 17. dxe7 Qxe7 1/2-1/2

[Event "La Paz Casa Argentina op"]
[Site "La Paz"]
[Date "2022.06.16"]
[Round "2"]
[White "Maldonado Caceres, Ronaldo"]
[Black "Vera Sanchez, Pavel Genaro"]
[Result "0-1"]
[WhiteElo "1436"]
[BlackElo "2142"]
[PlyCount "64"]
[EventDate "2022.06.16"]
[EventType "swiss"]
[EventRounds "7"]
[EventCountry "BOL"]
[SourceTitle "EXT 2023"]
[Source "ChessBase"]
[SourceDate "2022.10.05"]
[SourceVersion "1"]
[SourceVersionDate "2022.10.05"]
[SourceQuality "1"]

1. d4 Nf6 2. c4 c5 3. d5 d6 4. Nc3 g6 5. e4 Bg7 6. f4 0-0 7. Nf3 e6 8. Be2 exd5 9. cxd5 Re8 10. e5 dxe5 11. fxe5 Ng4 12. Bg5 Qa5 13. Bb5 Bd7 14. Bxd7 Nxd7 15. 0-0 Ngxe5 16. d6 c4 17. Nd5 Qc5+ 18. Kh1 Nd3 19. Nc7 Qxd6 20. Nxa8 Rxa8 21. Qc2 Nxb2 22. Rae1 Nc5 23. Be7 Qd5 24. Bxc5 Qxc5 25. Re4 Rc8 26. Rfe1 Nd3 27. R1e2 b5 28. Ne1 Qf5 29. h3 Qf1+ 30. Kh2 Be5+ 31. g3 Bd4 32. Nxd3 Qg1# 0-1

[Event "Las Americas op U2400 Hybrid"]
[Site "Internet"]
[Date "2022.06.04"]
[Round "6.1"]
[White "Cutipa, Elfer"]
[Black "Vera Sanchez, Pavel Genaro"]
[Result "1/2-1/2"]
[WhiteElo "2151"]
[BlackElo "2142"]
[PlyCount "42"]
[EventDate "2022.06.04"]
[EventType "swiss"]
[EventRounds "6"]
[EventCountry "VEN"]
[SourceTitle "EXT 2024"]
[Source "ChessBase"]
[SourceDate "2023.10.10"]
[SourceVersion "1"]
[SourceVersionDate "2023.10.10"]
[SourceQuality "1"]

1. e4 c5 2. Nf3 Nc6 3. c3 Nf6 4. e5 Nd5 5. d4 cxd4 6. cxd4 d6 7. Bc4 dxe5 8. dxe5 Be6 9. 0-0 g6 10. Qe2 Nc7 11. Nc3 Bg7 12. Rd1 Qc8 13. Bf4 0-0 14. Rac1 Bxc4 15. Qxc4 Qe6 16. Nd5 Nxd5 17. Qxd5 Qxd5 18. Rxd5 Rfd8 19. Rcd1 Rxd5 20. Rxd5 Rd8 21. Rxd8+ Nxd8 1/2-1/2

[Event "Las Americas op U2400 Hybrid"]
[Site "Internet"]
[Date "2022.06.04"]
[Round "4.1"]
[White "Diaz Rosas, Julio Cesar"]
[Black "Vera Sanchez, Pavel Genaro"]
[Result "1/2-1/2"]
[WhiteElo "2328"]
[BlackElo "2142"]
[PlyCount "101"]
[EventDate "2022.06.04"]
[EventType "swiss"]
[EventRounds "6"]
[EventCountry "VEN"]
[SourceTitle "EXT 2024"]
[Source "ChessBase"]
[SourceDate "2023.10.10"]
[SourceVersion "1"]
[SourceVersionDate "2023.10.10"]
[SourceQuality "1"]

1. e4 c5 2. Nf3 Nc6 3. Bc4 e6 4. 0-0 Nf6 5. e5 d5 6. Bb5 Nd7 7. Bxc6 bxc6 8. d3 Be7 9. Re1 0-0 10. b3 f5 11. d4 g5 12. h3 h6 13. Nc3 Qe8 14. Ba3 Qg6 15. Na4 g4 16. hxg4 fxg4 17. Nh2 h5 18. Nxc5 Nxc5 19. Bxc5 Bxc5 20. dxc5 Ba6 21. c4 Rad8 22. Rc1 dxc4 23. Qe2 Rd4 24. Nf1 Rdf4 25. Ng3 h4 26. Ne4 cxb3 27. Qxa6 Rxe4 28. axb3 h3 29. Qxc6 Ref4 30. Rc3 Rxf2 31. Rg3 Rxg2+ 32. Rxg2 hxg2 33. Qxg2 Qg5 34. c6 g3 35. c7 Qf4 36. Rf1 Qe3+ 37. Kh1 Qh6+ 38. Kg1 Qe3+ 39. Kh1 Rxf1+ 40. Qxf1 Qe4+ 41. Kg1 Qc2 42. Qf3 Qxc7 43. Qg4+ Kf8 44. Qxe6 Qc5+ 45. Kg2 Qf2+ 46. Kh3 g2 47. Qd6+ Kg7 48. Qd7+ Kf8 49. Qd6+ Kg7 50. Qd7+ Kf8 51. Qd6+ 1/2-1/2

[Event "Las Americas op U2400 Hybrid"]
[Site "Internet"]
[Date "2022.06.04"]
[Round "5.1"]
[White "Vera Sanchez, Pavel Genaro"]
[Black "Palma Villanueva, Miguel Ta"]
[Result "1-0"]
[WhiteElo "2142"]
[BlackElo "2089"]
[PlyCount "103"]
[EventDate "2022.06.04"]
[EventType "swiss"]
[EventRounds "6"]
[EventCountry "VEN"]
[SourceTitle "EXT 2024"]
[Source "ChessBase"]
[SourceDate "2023.10.10"]
[SourceVersion "1"]
[SourceVersionDate "2023.10.10"]
[SourceQuality "1"]

1. d4 Nf6 2. c4 d6 3. Nc3 e5 4. Nf3 Nbd7 5. e4 c6 6. Be2 Be7 7. 0-0 0-0 8. Qc2 Qc7 9. h3 a6 10. Be3 Re8 11. Rac1 Qb8 12. Rfd1 b5 13. a3 Bf8 14. b4 g6 15. d5 cxd5 16. cxd5 Nh5 17. a4 bxa4 18. Qxa4 Nf4 19. Bf1 Nf6 20. Bxf4 Bd7 21. Qa5 exf4 22. Bd3 Be7 23. Rc2 Bd8 24. Qa3 Bb6 25. Qb2 h6 26. Ra1 Qb7 27. Re1 Nh7 28. e5 dxe5 29. Ne4 Qb8 30. Nc5 Bb5 31. Bxb5 axb5 32. Rxe5 Rxe5 33. Qxe5 Qxe5 34. Nxe5 Nf6 35. Rd2 Bxc5 36. bxc5 Ne4 37. Rc2 b4 38. Nd3 b3 39. Rc1 Rd8 40. d6 g5 41. Rb1 Ra8 42. d7 Kf8 43. c6 Ke7 44. f3 Nf6 45. Rxb3 Nd5 46. Nc5 Nc7 47. Rd3 Rd8 48. Nb7 Ne6 49. Nxd8 Kxd8 50. Rd6 Kc7 51. Rxe6 fxe6 52. Kf2 1-0

[Event "BOL-ch U20"]
[Site "Cochabamba"]
[Date "2022.05.13"]
[Round "1"]
[White "Vera Sanchez, Pavel Genaro"]
[Black "Montevilla Cahuasa, Elias Alejandro"]
[Result "1-0"]
[WhiteElo "2158"]
[BlackElo "1453"]
[PlyCount "60"]
[EventDate "2022.05.13"]
[EventType "swiss"]
[EventRounds "7"]
[EventCountry "BOL"]
[SourceTitle "EXT 2023"]
[Source "ChessBase"]
[SourceDate "2022.10.05"]
[SourceVersion "1"]
[SourceVersionDate "2022.10.05"]
[SourceQuality "1"]

1. d4 d5 2. Nf3 Nf6 3. c4 c6 4. Nc3 Bg4 5. Ne5 Bf5 6. cxd5 Nxd5 7. Qb3 b6 8. e4 Bxe4 9. Nxe4 e6 10. Nc3 Nb4 11. Be3 Nd7 12. Rd1 Qc7 13. Nxd7 Qxd7 14. a3 Nd5 15. Nxd5 exd5 16. Rc1 a6 17. Qxb6 Be7 18. Qxc6 Qxc6 19. Rxc6 a5 20. Rc7 Bf6 21. Bb5+ Kf8 22. Kd2 g5 23. h4 Kg7 24. hxg5 Bd8 25. Rd7 a4 26. Bf4 Ba5+ 27. Kd1 Rhc8 28. Be5+ Kg6 29. Bd3+ Kxg5 30. Rxf7 Rg8 1-0

[Event "Verano Cup"]
[Site "Tornelo INT"]
[Date "2022.01.27"]
[Round "8"]
[White "Gutierrez Yanez, Carlos"]
[Black "Vera Sanchez, Pavel Genaro"]
[Result "0-1"]
[WhiteElo "2011"]
[BlackElo "2102"]
[PlyCount "112"]
[EventDate "2022.01.27"]
[EventType "tourn"]
[EventRounds "10"]
[EventCountry "VEN"]
[SourceTitle "EXT 2023"]
[Source "ChessBase"]
[SourceDate "2022.10.05"]
[SourceVersion "1"]
[SourceVersionDate "2022.10.05"]
[SourceQuality "1"]

1. e4 c5 2. Nf3 Nc6 3. d4 cxd4 4. Nxd4 Nf6 5. Nc3 d6 6. Be2 e5 7. Nb3 Be7 8. 0-0 0-0 9. Be3 Be6 10. Kh1 a5 11. a4 Nb4 12. f4 Re8 13. f5 Bxb3 14. cxb3 d5 15. exd5 Nfxd5 16. Nxd5 Nxd5 17. Bg1 Nf6 18. Qe1 Bb4 19. Qg3 Qe7 20. Be3 Rac8 21. Bc4 e4 22. Bh6 Qf8 23. Bg5 Qe7 24. Bh6 Qf8 25. Bg5 Bd6 26. Qh4 Be5 27. Rae1 Qd6 28. Rd1 Qc5 29. Qf2 Qc7 30. h3 Nh5 31. g4 Ng3+ 32. Kg2 Nxf1 33. Rxf1 h6 34. Be3 Qe7 35. h4 Bf6 36. Kh3 Red8 37. Rg1 Rxc4 38. bxc4 Rd3 39. Re1 Bd4 40. Kg2 Rxe3 41. Rxe3 Qc5 42. Qf4 Bxe3 43. Qxe4 Qc6 44. Kf3 Qxe4+ 45. Kxe4 Bf2 46. h5 Kf8 47. Kd5 b6 48. Kd6 Ke8 49. b3 Bc5+ 50. Kd5 Ke7 51. Ke5 Bg1 52. f6+ gxf6+ 53. Kf5 Bc5 54. Kf4 Ke6 55. Ke4 Bd6 56. Kd4 f5 0-1

[Event "Verano Cup"]
[Site "Tornelo INT"]
[Date "2022.01.27"]
[Round "9"]
[White "Huerta Escobar, Bruce"]
[Black "Vera Sanchez, Pavel Genaro"]
[Result "0-1"]
[WhiteElo "2134"]
[BlackElo "2102"]
[PlyCount "120"]
[EventDate "2022.01.27"]
[EventType "tourn"]
[EventRounds "10"]
[EventCountry "VEN"]
[SourceTitle "EXT 2023"]
[Source "ChessBase"]
[SourceDate "2022.10.05"]
[SourceVersion "1"]
[SourceVersionDate "2022.10.05"]
[SourceQuality "1"]

1. e4 c5 2. Nf3 Nc6 3. Bb5 g6 4. Bxc6 dxc6 5. d3 Bg7 6. h3 Nf6 7. Nc3 Nd7 8. Be3 e5 9. Qd2 h6 10. 0-0 b6 11. Nh2 Nf6 12. a3 a5 13. Na4 Nd7 14. f4 exf4 15. Bxf4 g5 16. Be3 Ne5 17. Nf3 Be6 18. Rad1 Nxf3+ 19. Rxf3 Ra7 20. Rdf1 Rd7 21. Qf2 Qc7 22. Rf6 Rg8 23. b4 axb4 24. axb4 Qa7 25. Nc3 cxb4 26. Ne2 c5 27. Ng3 Bxf6 28. Qxf6 b3 29. Nh5 bxc2 30. Qxh6 Rg6 31. Qh8+ Ke7 32. Bxg5+ Rxg5 33. Qf6+ Kd6 34. Qxg5 Kc6 35. Nf4 Qa3 36. Nxe6 fxe6 37. Qh6 Rxd3 38. Qxe6+ Kb5 39. Qe8+ Kb4 40. Qb8 b5 41. Qf4 Rd1 42. e5+ c4 43. Qf8+ Ka4 44. Qa8+ Kb3 45. Qf3+ Kb2 46. Qf2 Rxf1+ 47. Kxf1 Qa1+ 48. Ke2 c1Q 49. Kf3+ Qc2 50. Qd4+ Qc3+ 51. Ke4 Qxd4+ 52. Kxd4 c3 53. e6 c2 54. e7 Qa7+ 55. Kd3 Qd7+ 56. Ke2 Qxe7+ 57. Kf2 c1Q 58. Kg3 Qeg5+ 59. Kh2 Qgf4+ 60. g3 Qfd2# 0-1

[Event "Híbrido del Sur U2200 op 3rd"]
[Site "Tornelo INT"]
[Date "2021.11.26"]
[Round "2"]
[White "Ortiz Hernandez, Ricardo Paul"]
[Black "Vera Sanchez, Pavel Genaro"]
[Result "0-1"]
[WhiteElo "1872"]
[BlackElo "2103"]
[PlyCount "144"]
[EventDate "2021.11.26"]
[EventType "swiss"]
[EventRounds "6"]
[EventCountry "VEN"]
[SourceTitle "EXT 2023"]
[Source "ChessBase"]
[SourceDate "2022.10.05"]
[SourceVersion "1"]
[SourceVersionDate "2022.10.05"]
[SourceQuality "1"]

1. e4 c5 2. d4 cxd4 3. c3 d3 4. c4 Nc6 5. Bxd3 g6 6. Ne2 Bg7 7. 0-0 Nf6 8. Nbc3 0-0 9. h3 d6 10. Be3 Ne5 11. f4 Nxd3 12. Qxd3 a6 13. g4 b5 14. b3 b4 15. Na4 Bb7 16. Ng3 Bc6 17. Nb6 Rb8 18. Nd5 Bxd5 19. exd5 Nd7 20. Rae1 a5 21. Bd4 Re8 22. Bxg7 Kxg7 23. Qd4+ Kg8 24. Kh2 Qb6 25. Qxb6 Rxb6 26. Ne4 a4 27. Re3 Kf8 28. Rfe1 axb3 29. axb3 Ra6 30. R1e2 h6 31. h4 Rea8 32. Kg3 Ra2 33. Nd2 Nc5 34. Kf3 Rb2 35. Ne4 Rxb3 36. Rxb3 Nxb3 37. Rb2 Ra3 38. Kg2 Nc5 39. Nxc5 dxc5 40. f5 gxf5 41. gxf5 Rc3 42. d6 exd6 43. f6 b3 44. Rb1 Rc2+ 45. Kf3 b2 46. Ke3 Ke8 47. Kd3 Rh2 48. Kc3 Kd7 49. Kb3 Ke6 50. Rf1 Rf2 51. Re1+ Kxf6 52. Ka2 Rf4 53. Kxb2 Rxc4 54. Rf1+ Ke6 55. Re1+ Kf5 56. Rf1+ Rf4 57. Rh1 h5 58. Kc3 d5 59. Kd3 c4+ 60. Ke3 d4+ 61. Ke2 Ke4 62. Kd1 d3 63. Kd2 Kd4 64. Re1 c3+ 65. Kd1 Rf6 66. Re8 Rf1+ 67. Re1 c2+ 68. Kd2 Rxe1 69. Kxe1 c1Q+ 70. Kf2 Qe3+ 71. Kf1 Qe2+ 72. Kg1 d2 0-1

[Event "Híbrido del Sur U2200 op 3rd"]
[Site "Tornelo INT"]
[Date "2021.11.26"]
[Round "3"]
[White "Vera Sanchez, Pavel Genaro"]
[Black "Amezcua Luria, Jesus"]
[Result "1-0"]
[WhiteElo "2103"]
[BlackElo "2043"]
[PlyCount "63"]
[EventDate "2021.11.26"]
[EventType "swiss"]
[EventRounds "6"]
[EventCountry "VEN"]
[SourceTitle "EXT 2023"]
[Source "ChessBase"]
[SourceDate "2022.10.05"]
[SourceVersion "1"]
[SourceVersionDate "2022.10.05"]
[SourceQuality "1"]

1. Nf3 Nf6 2. g3 e6 3. Bg2 d5 4. 0-0 Be7 5. d3 c5 6. Nbd2 Nc6 7. e4 0-0 8. Re1 Qc7 9. e5 Nd7 10. Qe2 b6 11. h4 Bb7 12. h5 h6 13. c3 a6 14. Nf1 b5 15. Bf4 d4 16. N1h2 Nb6 17. Qd2 Rfd8 18. Bxh6 dxc3 19. bxc3 Bf8 20. Bg5 Ne7 21. h6 Nbd5 22. hxg7 Bxg7 23. Ng4 Kf8 24. Bf6 Nf5 25. Qg5 Nxc3 26. Nh4 Bxf6 27. exf6 Nxh4 28. Qg7+ Ke8 29. Rxe6+ fxe6 30. Qxc7 Rd7 31. f7+ Ke7 32. Qxc5+ 1-0

[Event "Híbrido del Sur U2200 op 3rd"]
[Site "Tornelo INT"]
[Date "2021.11.26"]
[Round "5"]
[White "Vera Sanchez, Pavel Genaro"]
[Black "Jimenez Rodriguez, Abraham Isaias"]
[Result "1-0"]
[WhiteElo "2103"]
[BlackElo "1677"]
[PlyCount "59"]
[EventDate "2021.11.26"]
[EventType "swiss"]
[EventRounds "6"]
[EventCountry "VEN"]
[SourceTitle "EXT 2023"]
[Source "ChessBase"]
[SourceDate "2022.10.05"]
[SourceVersion "1"]
[SourceVersionDate "2022.10.05"]
[SourceQuality "1"]

1. Nf3 d5 2. g3 c5 3. Bg2 Nc6 4. 0-0 e5 5. d3 f5 6. c4 d4 7. e3 Bd6 8. exd4 cxd4 9. b4 Bxb4 10. Nxe5 Nxe5 11. Qa4+ Qd7 12. Qxb4 Ne7 13. Ba3 a5 14. Qd2 0-0 15. Re1 N5g6 16. Qe2 Re8 17. h4 Kf7 18. Nd2 Qa4 19. Bd6 Ra6 20. c5 Bd7 21. h5 Nf8 22. Nf3 Nc6 23. Qd2 Ne6 24. Ng5+ Kg8 25. Nxe6 Bxe6 26. Rxe6 Rxe6 27. Bd5 Nd8 28. Re1 Qd7 29. Qg5 Kf7 30. Qxf5+ 1-0

[Event "South America-ch U20"]
[Site "Guayaquil"]
[Date "2021.11.07"]
[Round "9"]
[White "Vera Sanchez, Pavel Genaro"]
[Black "Sanchez Uriguen, Michael Edinson"]
[Result "1-0"]
[WhiteElo "2103"]
[BlackElo "1933"]
[PlyCount "67"]
[EventDate "2021.11.02"]
[EventType "swiss"]
[EventRounds "9"]
[EventCountry "ECU"]
[SourceTitle "CBM 205 Extra"]
[Source "ChessBase"]
[SourceDate "2022.01.31"]
[SourceVersion "1"]
[SourceVersionDate "2022.01.31"]
[SourceQuality "1"]

1. Nf3 c5 2. g3 g6 3. Bg2 Bg7 4. 0-0 Nf6 5. c4 0-0 6. Nc3 e6 7. d3 d5 8. Bf4 Nh5 9. Bg5 f6 10. Bd2 d4 11. Na4 Qc7 12. b4 Na6 13. Nxc5 Nxc5 14. bxc5 e5 15. Rb1 Rd8 16. Qa4 Bd7 17. Qa5 Rdc8 18. Rxb7 Qxb7 19. Nxe5 Qxg2+ 20. Kxg2 fxe5 21. e4 dxe3 22. Bxe3 Bc6+ 23. Kg1 Bf3 24. Rb1 Rd8 25. Rb3 Rd7 26. Qa6 Rad8 27. Qe6+ Rf7 28. c6 Bxc6 29. Qxc6 Bf6 30. Rb7 Rff8 31. Qc7 Ng7 32. Bh6 Rc8 33. Qa5 Rfd8 34. Qa6 1-0

[Event "South America-ch U20"]
[Site "Guayaquil"]
[Date "2021.11.04"]
[Round "5"]
[White "Chilan Villa, Andres Jesus"]
[Black "Vera Sanchez, Pavel Genaro"]
[Result "0-1"]
[WhiteElo "1601"]
[BlackElo "2103"]
[PlyCount "91"]
[EventDate "2021.11.02"]
[EventType "swiss"]
[EventRounds "9"]
[EventCountry "ECU"]
[SourceTitle "CBM 205 Extra"]
[Source "ChessBase"]
[SourceDate "2022.01.31"]
[SourceVersion "1"]
[SourceVersionDate "2022.01.31"]
[SourceQuality "1"]

1. d4 Nf6 2. Nf3 c5 3. e3 g6 4. b3 Bg7 5. Bb2 0-0 6. Be2 d5 7. 0-0 cxd4 8. Nxd4 Nc6 9. Nd2 Re8 10. N2f3 Bg4 11. Rc1 Qa5 12. a3 Rac8 13. Nxc6 bxc6 14. c4 Ne4 15. b4 Qd8 16. Bxg7 Kxg7 17. Qd4+ e5 18. Qxa7 Ra8 19. Qb7 Bd7 20. c5 g5 21. Rfd1 Rxa3 22. Ra1 Qa8 23. Ba6 Qxb7 24. Bxb7 Rb3 25. Rab1 Rxb1 26. Rxb1 g4 27. Ne1 Rb8 28. f3 Nd2 29. Rd1 Nc4 30. Ba6 Nxe3 31. Rb1 gxf3 32. gxf3 Nf5 33. Kf2 Nd4 34. Rb2 Kf6 35. Ke3 Ra8 36. Bd3 Ra1 37. Nc2 Nxc2+ 38. Rxc2 Ra3 39. Ke2 Rxd3 40. Kxd3 Bf5+ 41. Kd2 Bxc2 42. Kxc2 Ke7 43. Kd3 Kd7 44. f4 e4+ 45. Kd4 Kc7 46. Ke5 0-1

[Event "South America-ch U20"]
[Site "Guayaquil"]
[Date "2021.11.03"]
[Round "3"]
[White "Viscaino Yanez, Jhonny Cesar"]
[Black "Vera Sanchez, Pavel Genaro"]
[Result "1/2-1/2"]
[WhiteElo "1830"]
[BlackElo "2103"]
[PlyCount "156"]
[EventDate "2021.11.02"]
[EventType "swiss"]
[EventRounds "9"]
[EventCountry "ECU"]
[SourceTitle "CBM 205 Extra"]
[Source "ChessBase"]
[SourceDate "2022.01.31"]
[SourceVersion "1"]
[SourceVersionDate "2022.01.31"]
[SourceQuality "1"]

1. e4 c5 2. Nf3 Nc6 3. d4 cxd4 4. Nxd4 Nf6 5. Nc3 d6 6. Be2 e5 7. Nb3 Be7 8. Be3 0-0 9. 0-0 a5 10. Nd2 Nd4 11. Bxd4 exd4 12. Nb5 Qb6 13. a4 Be6 14. Nc4 Qc5 15. Qxd4 Qxd4 16. Nxd4 Nxe4 17. Nxe6 fxe6 18. Bf3 Nc5 19. Rfe1 d5 20. Ne5 Rf6 21. b3 Rd8 22. Rad1 Bd6 23. Nd3 Nd7 24. c4 dxc4 25. bxc4 b6 26. Bc6 Nf8 27. Ne5 Rf5 28. g3 g5 29. Kg2 Kg7 30. Nd7 Bb4 31. Nxb6 Bxe1 32. Rxd8 Rxf2+ 33. Kh1 Bc3 34. Nd7 Ng6 35. Nc5 Re2 36. Rd7+ Kh6 37. Ne4 Be5 38. Rd2 Re1+ 39. Kg2 Rc1 40. Bb5 Ne7 41. Nf2 Kg7 42. Nd3 Bc3 43. Re2 Rd1 44. Nc5 e5 45. Ne4 Bd4 46. Nxg5 Nf5 47. c5 Kg6 48. Nf3 Ne3+ 49. Kh3 Bxc5 50. Nxe5+ Kg7 51. Rf2 Rd5 52. Nf3 Nd1 53. Rd2 Rf5 54. Rd7+ Kh6 55. Nh4 Nf2+ 56. Kg2 Rf6 57. h3 Ne4 58. Nf3 Nd6 59. g4 Rf7 60. g5+ Kg7 61. Rxf7+ Kxf7 62. Bd3 Kg7 63. h4 Ne8 64. Ne5 Bd4 65. Ng4 Bc3 66. Kf3 Be1 67. h5 Bd2 68. h6+ Kh8 69. Ne3 Nd6 70. Ke2 Bc1 71. Bc2 Nf7 72. g6 hxg6 73. Bxg6 Ne5 74. Be4 Bxe3 75. Kxe3 Nc4+ 76. Kd4 Nb6 77. Bc2 Nxa4 78. Bxa4 Kh7 1/2-1/2

[Event "Online Olym Div3 D"]
[Site "Chess.com INT"]
[Date "2021.08.28"]
[Round "4.1"]
[White "Antonio, Kyell Jean"]
[Black "Vera Sanchez, Pavel Genaro"]
[Result "0-1"]
[WhiteElo "1497"]
[BlackElo "2057"]
[PlyCount "150"]
[EventDate "2021.08.27"]
[EventType "team-tourn (rapid)"]
[EventRounds "9"]
[EventCountry "USA"]
[SourceTitle "CBM 204 Extra"]
[Source "ChessBase"]
[SourceDate "2021.11.30"]
[SourceVersion "1"]
[SourceVersionDate "2021.11.30"]
[SourceQuality "1"]
[WhiteTeam "Aruba"]
[BlackTeam "Bolivia"]
[WhiteTeamCountry "ARN"]
[BlackTeamCountry "BOL"]

1. e4 c5 2. Nf3 Nc6 3. d4 cxd4 4. Nxd4 Nf6 5. Nc3 d6 6. Be2 e5 7. Nb3 Be7 8. 0-0 0-0 9. Be3 Be6 10. f4 d5 11. exd5 Nxd5 12. Nxd5 Qxd5 13. Qxd5 Bxd5 14. fxe5 Nxe5 15. Rad1 Be4 16. c3 b6 17. Bf4 Ng6 18. Bg3 f5 19. Bc4+ Kh8 20. Rfe1 Rfd8 21. Nd4 Bc5 22. Bf2 Ne5 23. Bf1 Ng4 24. Bh4 Rd6 25. Be7 Bxd4+ 26. cxd4 Rd7 27. h3 Rxe7 28. hxg4 g6 29. Bd3 Rd8 30. gxf5 gxf5 31. Bxe4 fxe4 32. d5 Rd6 33. Kf2 Re5 34. g4 Kg7 35. a3 Kf6 36. Kg3 Kg5 37. Re2 h6 38. Ree1 a5 39. Re2 Rdxd5 40. Rxd5 Rxd5 41. Rxe4 Rd3+ 42. Kf2 Rb3 43. Re5+ Kxg4 44. Re4+ Kf5 45. Rh4 Rxb2+ 46. Ke1 Kg5 47. Rh3 h5 48. Rc3 h4 49. Kf1 b5 50. Kg1 Kg4 51. Rc5 Kg3 52. Rc3+ Kg4 53. Rc5 h3 54. Rc1 b4 55. axb4 axb4 56. Rc4+ Kg3 57. Rc1 Rg2+ 58. Kh1 Rb2 59. Kg1 b3 60. Rc3+ Kg4 61. Rc4+ Kf3 62. Rc3+ Ke2 63. Rxh3 Rb1+ 64. Kg2 Kd2 65. Rh8 Rd1 66. Rb8 Kc2 67. Rc8+ Kb1 68. Kf2 b2 69. Ke2 Rd5 70. Rb8 Kc2 71. Rc8+ Kb3 72. Rb8+ Kc3 73. Rc8+ Kb4 74. Rb8+ Rb5 75. Rxb5+ Kxb5 0-1

[Event "Online Olym Div3 D"]
[Site "Chess.com INT"]
[Date "2021.08.28"]
[Round "6.2"]
[White "Ramsumair, Daenon"]
[Black "Vera Sanchez, Pavel Genaro"]
[Result "0-1"]
[WhiteElo "1715"]
[BlackElo "2057"]
[PlyCount "52"]
[EventDate "2021.08.27"]
[EventType "team-tourn (rapid)"]
[EventRounds "9"]
[EventCountry "USA"]
[SourceTitle "CBM 204 Extra"]
[Source "ChessBase"]
[SourceDate "2021.11.30"]
[SourceVersion "1"]
[SourceVersionDate "2021.11.30"]
[SourceQuality "1"]
[WhiteTeam "Trinidad and Tobago"]
[BlackTeam "Bolivia"]
[WhiteTeamCountry "TRI"]
[BlackTeamCountry "BOL"]

1. e4 c5 2. c3 e5 3. Nf3 Nc6 4. Bc4 Qc7 5. Ng5 Nd8 6. 0-0 Be7 7. d3 Nf6 8. f4 d6 9. f5 Bd7 10. a4 h6 11. Nf3 Rb8 12. Be3 a6 13. a5 Nc6 14. b4 0-0 15. Nh4 Kh7 16. Qf3 cxb4 17. g4 Nxa5 18. Rxa5 Qxa5 19. g5 bxc3 20. gxf6 Bxf6 21. Qg4 Bb5 22. Bxf7 Rxf7 23. Qg6+ Kg8 24. Bxh6 c2 25. Nd2 Bxd3 26. Rc1 Bxh4 0-1

[Event "FIDE World Cup American Qual Gp8"]
[Site "Tornelo INT"]
[Date "2021.05.22"]
[Round "1.1"]
[White "Zambrana, Oswaldo"]
[Black "Vera Sanchez, Pavel Genaro"]
[Result "1-0"]
[WhiteElo "2438"]
[BlackElo "2042"]
[PlyCount "93"]
[EventDate "2021.05.22"]
[EventType "k.o. (rapid)"]
[EventRounds "4"]
[EventCountry "USA"]
[SourceTitle "CBM 202 Extra"]
[Source "ChessBase"]
[SourceDate "2021.07.31"]
[SourceVersion "1"]
[SourceVersionDate "2021.07.31"]
[SourceQuality "1"]

1. e4 e6 2. d4 d5 3. Nd2 Nc6 4. Ngf3 Nf6 5. e5 Nd7 6. Nb3 a5 7. a4 Be7 8. c3 0-0 9. Bd3 f6 10. h4 Qe8 11. Qc2 Qh5 12. Rg1 fxe5 13. g4 Qf7 14. Ng5 Bxg5 15. Bxh7+ Kh8 16. hxg5 Qf3 17. Be3 exd4 18. Nd2 Qh3 19. 0-0-0 dxe3 20. Rh1 exd2+ 21. Qxd2 Rf3 22. Bc2 Nb6 23. Rxh3+ Rxh3 24. f4 Kg8 25. Qg2 Rh8 26. Rh1 Bd7 27. Rxh8+ Kxh8 28. Qh2+ Kg8 29. Qh7+ Kf8 30. Qh8+ Ke7 31. Qxg7+ Kd6 32. g6 Nc4 33. Qf6 Ne3 34. g7 Rc8 35. Bh7 Nxg4 36. Qg5 Ne3 37. g8Q Rxg8 38. Qxg8 Nf5 39. Bxf5 exf5 40. Qg7 b6 41. b4 Be6 42. b5 Ne7 43. Kd2 c6 44. Qe5+ Kd7 45. Qb8 cxb5 46. Qb7+ Ke8 47. Qxb6 1-0

[Event "American World Cup Q Prelim"]
[Site "Tornelo INT"]
[Date "2021.05.08"]
[Round "3"]
[White "Vera Sanchez, Pavel Genaro"]
[Black "Berdayes Ason, Dylan Isidro"]
[Result "0-1"]
[WhiteElo "2042"]
[BlackElo "2445"]
[PlyCount "114"]
[EventDate "2021.05.08"]
[EventType "swiss (rapid)"]
[EventRounds "9"]
[EventCountry "USA"]
[SourceTitle "CBM 202 Extra"]
[Source "ChessBase"]
[SourceDate "2021.07.31"]
[SourceVersion "1"]
[SourceVersionDate "2021.07.31"]
[SourceQuality "1"]

1. d4 Nf6 2. c4 e6 3. Nf3 d5 4. g3 Bb4+ 5. Bd2 Be7 6. Bg2 0-0 7. 0-0 Nbd7 8. b3 Ne4 9. Qc2 c6 10. Nc3 Nxd2 11. Nxd2 Rb8 12. e4 dxe4 13. Ndxe4 f5 14. Nd2 e5 15. dxe5 Nxe5 16. Nf3 Nxf3+ 17. Bxf3 Bf6 18. Rad1 Qa5 19. Rd3 Be6 20. Re1 Rbe8 21. Rde3 Bf7 22. Rxe8 Bxe8 23. Rc1 Bg6 24. Ne2 f4 25. Be4 Bxe4 26. Qxe4 fxg3 27. Nxg3 Qxa2 28. Qe6+ Kh8 29. Qd6 Qxf2+ 30. Kxf2 Be7+ 31. Ke3 Bxd6 32. Rd1 Bc5+ 33. Ke4 Re8+ 34. Kf4 h6 35. h4 Kg8 36. Nf5 Rf8 37. Kg4 g6 38. Ng3 h5+ 39. Kg5 Kg7 40. Re1 Rf3 41. Nxh5+ gxh5 42. Re5 b6 43. Re6 Rxb3 44. Rxc6 a5 45. Rc7+ Kf8 46. Kxh5 Rg3 47. Ra7 Ke8 48. Kh6 Kd8 49. h5 Kc8 50. Kh7 Kb8 51. Rf7 a4 52. h6 a3 53. Rg7 a2 54. Rxg3 a1Q 55. Rg7 Bd4 56. Rg5 Qf1 57. Kg6 Qf6+ 0-1

[Event "Wch FIDE Online U18 America qual"]
[Site "Tornelo INT"]
[Date "2020.12.03"]
[Round "5"]
[White "Vera Sanchez, Pavel Genaro"]
[Black "Tobar Beltran, Jorge Esteban"]
[Result "0-1"]
[WhiteElo "1579"]
[BlackElo "1889"]
[PlyCount "88"]
[EventDate "2020.12.01"]
[EventType "swiss (rapid)"]
[EventRounds "7"]
[EventCountry "ISS"]
[SourceTitle "EXT 2022"]
[Source "ChessBase"]
[SourceDate "2021.10.06"]
[SourceVersion "1"]
[SourceVersionDate "2021.10.06"]
[SourceQuality "1"]

1. Nf3 e6 2. d4 f5 3. Nc3 d5 4. Bf4 Bd6 5. e3 c6 6. Bd3 Nf6 7. h3 0-0 8. Ne2 Qc7 9. 0-0 Bxf4 10. exf4 Nbd7 11. a3 Ne4 12. c4 Kh8 13. b4 Rg8 14. Rc1 Qd6 15. Ne5 Qe7 16. b5 g5 17. f3 Nd6 18. bxc6 Nxe5 19. fxe5 Nxc4 20. Bxc4 dxc4 21. Rxc4 bxc6 22. Rxc6 Bb7 23. Rd6 g4 24. fxg4 fxg4 25. hxg4 Rxg4 26. Nf4 Qg5 27. Qd2 Bxg2 28. Qxg2 Rxg2+ 29. Nxg2 Rg8 30. Rf2 h5 31. Rxe6 h4 32. Kf1 h3 33. Nf4 Qg1+ 34. Ke2 Qg4+ 35. Ke3 Qg3+ 36. Ke2 Rb8 37. Rh6+ Kg7 38. Rg6+ Qxg6 39. Nxg6 Kxg6 40. Rh2 Rb2+ 41. Kf3 Rxh2 42. Kg3 Rd2 43. Kxh3 Rxd4 44. Kg3 Kf5 0-1